000 00840cam a22002777a 4500
003 CHAP
005 20220329134745.0
008 971013s1959 r 00010 d
010 _a25365
011 _a26337
035 _a30438
040 _cCHAP
082 _a374
_bB78
100 0 0 _aBrunner, Edmund de S.
_915796
245 1 3 _aAn overview of adult education research
260 _aChicago :
_bAdult Education Association of the U.S.A.,
_c1959
300 _a275 p.
590 _aBATCH-UPD
_b10
_c20130110
_lUCH01
_h1013
590 _aBATCH-UPD
_b10
_c20130410
_lUCH01
_h0621
590 _aBATCH-UPD
_b10
_c20130914
_lUCH01
_h1004
590 _aCONVERSION
_b10
_c20130109
_lUCH01
_h1315
650 1 4 _aEducación de adultos.
_935562
901 _aBK
942 _cLIBRO
949 _a374 B78
_bBC
_cLIBRO
_d33724000151999
_eLIBRO
_h7944
_i30438
_si
999 _c25365
_d25365